[Event "Stay Safe Play From Home 256"]
[Site "Emanuel Lasker Arena"]
[Date "2020.06.26"]
[Round "3"]
[White "Fischer_11"]
[Black "Toosieslide"]
[Result "0-1"]
[WhiteElo "1960"]
[BlackElo "2306"]
[Annotator "NA"]
[PlyCount "104"]
[EventDate "2020.06.26"]
[EventType "swiss (blitz)"]

1. e4 {[%emt 0:00:03]} e5 {[%emt 0:00:01]} 2. Nc3 {[%emt 0:00:01]} Nf6 {[%emt 0:00:01]} 3. Bc4 {[%emt 0:00:00]} Nxe4 {[%emt 0:00:01]} 4. Bxf7+ {[%emt 0:00:01]} Kxf7 {[%emt 0:00:01]} 5. Nxe4 {[%emt 0:00:00]} d5 {[%emt 0:00:01]} 6. Qf3+ {[%emt 0:00:00]} Kg8 {[%emt 0:00:02]} 7. Ng5 {[%emt 0:00:00]} Qd7 {[%emt 0:00:09]} 8. d4 {[%emt 0:00:03]} h6 {[%emt 0:00:02]} 9. N5h3 {[%emt 0:00:01]} e4 {[%emt 0:00:01]} 10. Qe2 {[%emt 0:00:02]} Bd6 {[%emt 0:00:00]} 11. f3 {[%emt 0:00:01]} Qe7 {[%emt 0:00:01]} 12. fxe4 {[%emt 0:00:01]} dxe4 {[%emt 0:00:00]} 13. Bf4 {[%emt 0:00:04]} Bf5 {[%emt 0:00:02]} 14. Bxd6 {[%emt 0:00:01]} cxd6 {[%emt 0:00:00]} 15. Qe3 {[%emt 0:00:03]} Nc6 {[%emt 0:00:03]} 16. c3 {[%emt 0:00:02]} Kh7 {[%emt 0:00:02]} 17. Ne2 {[%emt 0:00:01]} Rhf8 {[%emt 0:00:01]} 18. Ng3 {[%emt 0:00:01]} Bg6 {[%emt 0:00:01]} 19. O-O-O {[%emt 0:00:01]} Qe6 {[%emt 0:00:02]} 20. Kb1 {[%emt 0:00:02]} d5 {[%emt 0:00:02]} 21. Rhf1 {[%emt 0:00:02]} Qd6 {[%emt 0:00:03]} 22. Nf4 {[%emt 0:00:03]} Bf7 {[%emt 0:00:01]} 23. Nf5 {[%emt 0:00:03]} Qf6 {[%emt 0:00:03]} 24. Ng3 {[%emt 0:00:04]} Qg5 {[%emt 0:00:01]} 25. Rde1 {[%emt 0:00:05]} Rae8 {[%emt 0:00:02]} 26. Nh3 {[%emt 0:00:01]} Qxe3 {[%emt 0:00:01]} 27. Rxe3 {[%emt 0:00:00]} Bg6 {[%emt 0:00:00]} 28. Ree1 {[%emt 0:00:02]} Rxf1 {[%emt 0:00:01]} 29. Rxf1 {[%emt 0:00:00]} e3+ {[%emt 0:00:01]} 30. Kc1 {[%emt 0:00:00]} e2 {[%emt 0:00:01]} 31. Re1 {[%emt 0:00:01]} Bd3 {[%emt 0:00:02]} 32. Kd2 {[%emt 0:00:01]} Bc4 {[%emt 0:00:01]} 33. Nf4 {[%emt 0:00:00]} Bxa2 {[%emt 0:00:01]} 34. Rxe2 {[%emt 0:00:01]} Rxe2+ {[%emt 0:00:01]} 35. Kxe2 {[%emt 0:00:00]} Bc4+ {[%emt 0:00:00]} 36. Nd3 {[%emt 0:00:00]} Na5 {[%emt 0:00:00]} 37. Ke3 {[%emt 0:00:01]} Nb3 {[%emt 0:00:00]} 38. Nf4 {[%emt 0:00:01]} a5 {[%emt 0:00:01]} 39. Nf5 {[%emt 0:00:00]} a4 {[%emt 0:00:00]} 40. Ne7 {[%emt 0:00:00]} b5 {[%emt 0:00:01]} 41. Nexd5 {[%emt 0:00:00]} Nc1 {[%emt 0:00:01]} 42. Kd2 {[%emt 0:00:01]} Nb3+ {[%emt 0:00:01]} 43. Ke3 {[%emt 0:00:01]} Na5 {[%emt 0:00:00]} 44. Ne7 {[%emt 0:00:00]} Nc6 {[%emt 0:00:00]} 45. Ne6 {[%emt 0:00:00]} Nxe7 {[%emt 0:00:01]} 46. d5 {[%emt 0:00:00]} Nxd5+ {[%emt 0:00:00]} 47. Kd4 {[%emt 0:00:01]} Ne7 {[%emt 0:00:00]} 48. Nf4 {[%emt 0:00:00]} Bf7 {[%emt 0:00:00]} 49. Kc5 {[%emt 0:00:00]} Nf5 {[%emt 0:00:00]} 50. Kb4 {[%emt 0:00:00]} g6 {[%emt 0:00:00]} 51. Ka3 {[%emt 0:00:00]} Ne3 {[%emt 0:00:01]} 52. g3 {[%emt 0:00:00]} Nc2# {[%emt 0:00:00] (Lag: Av=0.56s, max=0.7s)} 0-1

[Event "Stay Safe Play From Home 256"]
[Site "Emanuel Lasker Arena"]
[Date "2020.06.26"]
[Round "4"]
[White "AChessPlayer"]
[Black "Lamborghini"]
[Result "1/2-1/2"]
[WhiteElo "2436"]
[BlackElo "2204"]
[PlyCount "183"]
[EventDate "2020.06.26"]
[EventType "swiss (blitz)"]

1. Nf3 {[%emt 0:00:02]} g6 {[%emt 0:00:00]} 2. g3 {[%emt 0:00:00]} Bg7 {[%emt 0:00:01]} 3. Bg2 {[%emt 0:00:00]} Nf6 {[%emt 0:00:00]} 4. O-O {[%emt 0:00:00]} O-O {[%emt 0:00:00]} 5. d4 {[%emt 0:00:00]} c6 {[%emt 0:00:01]} 6. Nc3 {[%emt 0:00:01]} d5 {[%emt 0:00:01]} 7. Bf4 {[%emt 0:00:01]} Bf5 {[%emt 0:00:01]} 8. Ne5 {[%emt 0:00:01]} Qb6 {[%emt 0:00:02]} 9. Na4 {[%emt 0:00:02]} Qa5 {[%emt 0:00:02]} 10. c3 {[%emt 0:00:00]} Nbd7 {[%emt 0:00:01]} 11. Nd3 {[%emt 0:00:02]} Be4 {[%emt 0:00:02]} 12. Nac5 {[%emt 0:00:02]} Bxg2 {[%emt 0:00:02]} 13. Kxg2 {[%emt 0:00:01]} Nxc5 {[%emt 0:00:01]} 14. Nxc5 {[%emt 0:00:00]} b6 {[%emt 0:00:01]} 15. Nd3 {[%emt 0:00:01]} Qb5 {[%emt 0:00:02]} 16. a4 {[%emt 0:00:01]} Qa6 {[%emt 0:00:01]} 17. f3 {[%emt 0:00:01]} Nd7 {[%emt 0:00:02]} 18. Re1 {[%emt 0:00:01]} Rfe8 {[%emt 0:00:01]} 19. Ne5 {[%emt 0:00:02]} Nxe5 {[%emt 0:00:01]} 20. dxe5 {[%emt 0:00:00]} e6 {[%emt 0:00:01]} 21. Qd2 {[%emt 0:00:01]} Qb7 {[%emt 0:00:01]} 22. h4 {[%emt 0:00:00]} Qc7 {[%emt 0:00:01]} 23. h5 {[%emt 0:00:00]} Bxe5 {[%emt 0:00:01]} 24. Bxe5 {[%emt 0:00:00]} Qxe5 {[%emt 0:00:01]} 25. Rh1 {[%emt 0:00:00]} g5 {[%emt 0:00:01]} 26. h6 {[%emt 0:00:02]} f6 {[%emt 0:00:01]} 27. a5 {[%emt 0:00:03]} b5 {[%emt 0:00:01]} 28. b4 {[%emt 0:00:01]} c5 {[%emt 0:00:01]} 29. bxc5 {[%emt 0:00:01]} Rac8 {[%emt 0:00:00]} 30. Qd4 {[%emt 0:00:13]} Qxe2+ {[%emt 0:00:02]} 31. Kh3 {[%emt 0:00:00]} Qe5 {[%emt 0:00:01]} 32. Rhe1 {[%emt 0:00:05]} Qf5+ {[%emt 0:00:01]} 33. Kg2 {[%emt 0:00:01]} a6 {[%emt 0:00:02]} 34. g4 {[%emt 0:00:01]} Qg6 {[%emt 0:00:01]} 35. Rh1 {[%emt 0:00:03]} Red8 {[%emt 0:00:01]} 36. Rad1 {[%emt 0:00:03]} Qc2+ {[%emt 0:00:01]} 37. Qf2 {[%emt 0:00:00]} Qxf2+ {[%emt 0:00:01]} 38. Kxf2 {[%emt 0:00:00]} Rxc5 {[%emt 0:00:01]} 39. Rd3 {[%emt 0:00:00]} Kf7 {[%emt 0:00:01]} 40. Rhd1 {[%emt 0:00:00]} Rdc8 {[%emt 0:00:01]} 41. Ke2 {[%emt 0:00:00]} Rxc3 {[%emt 0:00:01]} 42. Rxc3 {[%emt 0:00:00]} Rxc3 {[%emt 0:00:01]} 43. Kd2 {[%emt 0:00:00]} Rc4 {[%emt 0:00:00]} 44. Rc1 {[%emt 0:00:00]} e5 {[%emt 0:00:00]} 45. Re1 {[%emt 0:00:01]} d4 {[%emt 0:00:01]} 46. Rh1 {[%emt 0:00:00]} Kg6 {[%emt 0:00:01]} 47. Kd3 {[%emt 0:00:00]} Rc3+ {[%emt 0:00:01]} 48. Ke4 {[%emt 0:00:00]} Re3+ {[%emt 0:00:01]} 49. Kd5 {[%emt 0:00:00]} Rxf3 {[%emt 0:00:00]} 50. Ke6 {[%emt 0:00:00]} Rf4 {[%emt 0:00:00]} 51. Rb1 {[%emt 0:00:00]} e4 {[%emt 0:00:00]} 52. Rc1 {[%emt 0:00:00]} e3 {[%emt 0:00:00]} 53. Rc8 {[%emt 0:00:00]} Kxh6 {[%emt 0:00:01]} 54. Rg8 {[%emt 0:00:00]} Re4+ {[%emt 0:00:00]} 55. Kf7 {[%emt 0:00:00]} Rf4 {[%emt 0:00:00]} 56. Re8 {[%emt 0:00:00]} f5 {[%emt 0:00:01]} 57. Rd8 {[%emt 0:00:00]} fxg4+ {[%emt 0:00:01]} 58. Ke6 {[%emt 0:00:00]} g3 {[%emt 0:00:01]} 59. Kd5 {[%emt 0:00:00]} Kh5 {[%emt 0:00:00]} 60. Rc8 {[%emt 0:00:00]} Kg4 {[%emt 0:00:00]} 61. Rc1 {[%emt 0:00:00]} Kf3 {[%emt 0:00:00]} 62. Rg1 {[%emt 0:00:00]} Ke2 {[%emt 0:00:00]} 63. Rg2+ {[%emt 0:00:01]} Rf2 {[%emt 0:00:00]} 64. Rg1 {[%emt 0:00:00]} d3 {[%emt 0:00:00]} 65. Rxg3 {[%emt 0:00:00]} d2 {[%emt 0:00:00]} 66. Ke4 {[%emt 0:00:00]} d1=Q {[%emt 0:00:00]} 67. Rxe3+ {[%emt 0:00:00]} Kf1 {[%emt 0:00:02]} 68. Rd3 {[%emt 0:00:00]} Re2+ {[%emt 0:00:00]} 69. Kd4 {[%emt 0:00:01]} Qxd3+ {[%emt 0:00:00]} 70. Kxd3 {[%emt 0:00:00]} Ra2 {[%emt 0:00:00]} 71. Kc3 {[%emt 0:00:00]} Rxa5 {[%emt 0:00:00]} 72. Kb4 {[%emt 0:00:00]} Ra4+ {[%emt 0:00:00]} 73. Kc5 {[%emt 0:00:00]} Ke2 {[%emt 0:00:00]} 74. Kb6 {[%emt 0:00:00]} Kd3 {[%emt 0:00:00]} 75. Ka7 {[%emt 0:00:00]} Ke4 {[%emt 0:00:00]} 76. Kb6 {[%emt 0:00:00]} Kd5 {[%emt 0:00:00]} 77. Ka7 {[%emt 0:00:00]} Rc4 {[%emt 0:00:01]} 78. Kb6 {[%emt 0:00:00]} Rc6+ {[%emt 0:00:00]} 79. Ka5 {[%emt 0:00:00]} b4 {[%emt 0:00:00]} 80. Kxb4 {[%emt 0:00:00]} Kd4 {[%emt 0:00:01]} 81. Ka4 {[%emt 0:00:00]} Rc4+ {[%emt 0:00:00]} 82. Ka5 {[%emt 0:00:00]} Kc3 {[%emt 0:00:00]} 83. Kb6 {[%emt 0:00:00]} Rb4+ {[%emt 0:00:00]} 84. Ka7 {[%emt 0:00:00]} Rb3 {[%emt 0:00:00]} 85. Ka8 {[%emt 0:00:00]} Rb2 {[%emt 0:00:00]} 86. Ka7 {[%emt 0:00:00]} Rb1 {[%emt 0:00:00]} 87. Kxa6 {[%emt 0:00:00]} Rb2 {[%emt 0:00:01]} 88. Ka5 {[%emt 0:00:00]} Kc4 {[%emt 0:00:00]} 89. Ka6 {[%emt 0:00:01]} Kc5 {[%emt 0:00:00]} 90. Ka5 {[%emt 0:00:00]} Kc6 {[%emt 0:00:00]} 91. Ka4 {[%emt 0:00:00]} Kc5 {[%emt 0:00:00]} 92. Ka3 {[%emt 0:00:00] (Lag: Av=0.40s, max=1.3s)} 1/2-1/2

[Event "Stay Safe Play From Home 256"]
[Site "Emanuel Lasker Arena"]
[Date "2020.06.26"]
[Round "4"]
[White "Toosieslide"]
[Black "Lnram"]
[Result "0-1"]
[WhiteElo "2310"]
[BlackElo "2463"]
[PlyCount "98"]
[EventDate "2020.06.26"]
[EventType "swiss (blitz)"]

1. d4 {[%emt 0:00:04]} c6 {[%emt 0:00:01]} 2. c4 {[%emt 0:00:01]} d5 {[%emt 0:00:01]} 3. Nc3 {[%emt 0:00:01]} Nf6 {[%emt 0:00:01]} 4. Nf3 {[%emt 0:00:00]} e6 {[%emt 0:00:01]} 5. g3 {[%emt 0:00:00]} Bb4 {[%emt 0:00:01]} 6. Bg2 {[%emt 0:00:00]} Ne4 {[%emt 0:00:01]} 7. Qc2 {[%emt 0:00:01]} Qa5 {[%emt 0:00:01]} 8. Bd2 {[%emt 0:00:01]} Nxd2 {[%emt 0:00:01]} 9. Nxd2 {[%emt 0:00:01]} O-O {[%emt 0:00:01]} 10. Nb3 {[%emt 0:00:01]} Qc7 {[%emt 0:00:01]} 11. cxd5 {[%emt 0:00:01]} cxd5 {[%emt 0:00:01]} 12. O-O {[%emt 0:00:01]} a5 {[%emt 0:00:01]} 13. Rac1 {[%emt 0:00:01]} a4 {[%emt 0:00:00]} 14. Nd2 {[%emt 0:00:01]} a3 {[%emt 0:00:01]} 15. b3 {[%emt 0:00:01]} Nc6 {[%emt 0:00:01]} 16. e3 {[%emt 0:00:01]} b6 {[%emt 0:00:02]} 17. Nf3 {[%emt 0:00:01]} Ba6 {[%emt 0:00:01]} 18. Rfd1 {[%emt 0:00:03]} Rac8 {[%emt 0:00:01]} 19. Na4 {[%emt 0:00:02]} Qa7 {[%emt 0:00:05]} 20. Qb1 {[%emt 0:00:03]} Na5 {[%emt 0:00:01]} 21. Rxc8 {[%emt 0:00:02]} Rxc8 {[%emt 0:00:00]} 22. Rc1 {[%emt 0:00:00]} Qb7 {[%emt 0:00:06]} 23. Ne5 {[%emt 0:00:03]} f6 {[%emt 0:00:02]} 24. Nf3 {[%emt 0:00:03]} Bb5 {[%emt 0:00:02]} 25. Bf1 {[%emt 0:00:02]} Bxa4 {[%emt 0:00:01]} 26. bxa4 {[%emt 0:00:02]} Bd6 {[%emt 0:00:01]} 27. Bb5 {[%emt 0:00:02]} Nc4 {[%emt 0:00:01]} 28. Ne1 {[%emt 0:00:02]} g6 {[%emt 0:00:04]} 29. Nd3 {[%emt 0:00:01]} Kg7 {[%emt 0:00:01]} 30. Qb3 {[%emt 0:00:03]} Nd2 {[%emt 0:00:02]} 31. Qd1 {[%emt 0:00:00]} Ne4 {[%emt 0:00:01]} 32. Qb3 {[%emt 0:00:05]} Nd2 {[%emt 0:00:02]} 33. Qd1 {[%emt 0:00:03]} Nc4 {[%emt 0:00:01]} 34. Qb3 {[%emt 0:00:01]} Na5 {[%emt 0:00:01]} 35. Qd1 {[%emt 0:00:01]} Rc7 {[%emt 0:00:01]} 36. Rxc7+ {[%emt 0:00:01]} Qxc7 {[%emt 0:00:01]} 37. Qc1 {[%emt 0:00:00]} Nc4 {[%emt 0:00:02]} 38. Bxc4 {[%emt 0:00:01]} dxc4 {[%emt 0:00:01]} 39. Ne1 {[%emt 0:00:00]} c3 {[%emt 0:00:01]} 40. Nc2 {[%emt 0:00:00]} Qc4 {[%emt 0:00:01]} 41. Qb1 {[%emt 0:00:00]} Qd3 {[%emt 0:00:01]} 42. Qb3 {[%emt 0:00:00]} e5 {[%emt 0:00:02]} 43. Kg2 {[%emt 0:00:00]} exd4 {[%emt 0:00:01]} 44. exd4 {[%emt 0:00:00]} Qe4+ {[%emt 0:00:01]} 45. Kg1 {[%emt 0:00:00]} Qd3 {[%emt 0:00:01]} 46. Kg2 {[%emt 0:00:01]} Qd1 {[%emt 0:00:00]} 47. Kh3 {[%emt 0:00:01]} Qd3 {[%emt 0:00:00]} 48. Kg4 {[%emt 0:00:00]} Qf5+ {[%emt 0:00:00]} 49. Kh4 {[%emt 0:00:01]} Qh5# {[%emt 0:00:01] (Lag: Av=1.01s, max=2.2s)} 0-1

[Event "Stay Safe Play From Home 256"]
[Site "Emanuel Lasker Arena"]
[Date "2020.06.26"]
[Round "4"]
[White "SoulofWolf"]
[Black "Greblha"]
[Result "1-0"]
[WhiteElo "2276"]
[BlackElo "1970"]
[PlyCount "93"]
[EventDate "2020.06.26"]
[EventType "swiss (blitz)"]

1. d4 {[%emt 0:00:00]} c6 {[%emt 0:00:00]} 2. Nf3 {[%emt 0:00:00]} d5 {[%emt 0:00:00]} 3. c4 {[%emt 0:00:00]} Nf6 {[%emt 0:00:01]} 4. Nc3 {[%emt 0:00:00]} e6 {[%emt 0:00:01]} 5. Bg5 {[%emt 0:00:00]} Be7 {[%emt 0:00:01]} 6. e3 {[%emt 0:00:01]} Ne4 {[%emt 0:00:01]} 7. Bf4 {[%emt 0:00:01]} Nxc3 {[%emt 0:00:01]} 8. bxc3 {[%emt 0:00:00]} O-O {[%emt 0:00:01]} 9. Rb1 {[%emt 0:00:00]} Bf6 {[%emt 0:00:01]} 10. Qc2 {[%emt 0:00:01]} Nd7 {[%emt 0:00:01]} 11. Bd3 {[%emt 0:00:01]} g6 {[%emt 0:00:01]} 12. O-O {[%emt 0:00:01]} Bg7 {[%emt 0:00:01]} 13. e4 {[%emt 0:00:00]} dxe4 {[%emt 0:00:01]} 14. Bxe4 {[%emt 0:00:01]} Nf6 {[%emt 0:00:00]} 15. Bd3 {[%emt 0:00:01]} Qa5 {[%emt 0:00:01]} 16. c5 {[%emt 0:00:04]} Qd8 {[%emt 0:00:02]} 17. Rb2 {[%emt 0:00:01]} Nd5 {[%emt 0:00:01]} 18. Bg3 {[%emt 0:00:02]} Qf6 {[%emt 0:00:02]} 19. Re1 {[%emt 0:00:01]} Nf4 {[%emt 0:00:01]} 20. Bf1 {[%emt 0:00:01]} h5 {[%emt 0:00:02]} 21. Qd2 {[%emt 0:00:01]} Nd5 {[%emt 0:00:01]} 22. Bh4 {[%emt 0:00:01]} Qf5 {[%emt 0:00:02]} 23. Bd3 {[%emt 0:00:02]} Qf4 {[%emt 0:00:02]} 24. Qc2 {[%emt 0:00:03]} Qc7 {[%emt 0:00:02]} 25. Bg3 {[%emt 0:00:01]} Qd8 {[%emt 0:00:01]} 26. c4 {[%emt 0:00:02]} Nf6 {[%emt 0:00:02]} 27. Bd6 {[%emt 0:00:00]} Re8 {[%emt 0:00:01]} 28. Bf4 {[%emt 0:00:01]} Ng4 {[%emt 0:00:02]} 29. Bg5 {[%emt 0:00:02]} Bf6 {[%emt 0:00:01]} 30. Bd2 {[%emt 0:00:01]} Bg7 {[%emt 0:00:01]} 31. Bxg6 {[%emt 0:00:02]} fxg6 {[%emt 0:00:01]} 32. Qxg6 {[%emt 0:00:00]} Qf6 {[%emt 0:00:01]} 33. Qxh5 {[%emt 0:00:01]} e5 {[%emt 0:00:05]} 34. Bg5 {[%emt 0:00:02]} Qf5 {[%emt 0:00:02]} 35. Qxe8+ {[%emt 0:00:01]} Kh7 {[%emt 0:00:01]} 36. h3 {[%emt 0:00:07]} Be6 {[%emt 0:00:04]} 37. hxg4 {[%emt 0:00:01]} Rxe8 {[%emt 0:00:02]} 38. gxf5 {[%emt 0:00:00]} Bxf5 {[%emt 0:00:01]} 39. dxe5 {[%emt 0:00:01]} Bxe5 {[%emt 0:00:01]} 40. Rbe2 {[%emt 0:00:01]} Kg6 {[%emt 0:00:03]} 41. Bh4 {[%emt 0:00:02]} Bg4 {[%emt 0:00:01]} 42. Rxe5 {[%emt 0:00:01]} Bxf3 {[%emt 0:00:01]} 43. Rxe8 {[%emt 0:00:01]} Kh5 {[%emt 0:00:00]} 44. Bg3 {[%emt 0:00:01]} Bg4 {[%emt 0:00:01]} 45. R8e5+ {[%emt 0:00:00]} Kg6 {[%emt 0:00:00]} 46. Bf4 {[%emt 0:00:01]} Kf7 {[%emt 0:00:00]} 47. Rg5 {[%emt 0:00:00] Zeit (Lag: Av=0.40s, max=0.8s)} 1-0

[Event "Stay Safe Play From Home 256"]
[Site "Emanuel Lasker Arena"]
[Date "2020.06.26"]
[Round "4"]
[White "Buzaglo"]
[Black "Bardellosport"]
[Result "0-1"]
[WhiteElo "1953"]
[BlackElo "2006"]
[PlyCount "136"]
[EventDate "2020.06.26"]
[EventType "swiss (blitz)"]

1. d4 {[%emt 0:00:01]} d5 {[%emt 0:00:03]} 2. Nf3 {[%emt 0:00:00]} c6 {[%emt 0:00:02]} 3. g3 {[%emt 0:00:00]} e6 {[%emt 0:00:00]} 4. Bg2 {[%emt 0:00:00]} f5 {[%emt 0:00:01]} 5. O-O {[%emt 0:00:00]} Nf6 {[%emt 0:00:01]} 6. Nbd2 {[%emt 0:00:00]} Bd6 {[%emt 0:00:02]} 7. c4 {[%emt 0:00:00]} Qe7 {[%emt 0:00:01]} 8. c5 {[%emt 0:00:00]} Bc7 {[%emt 0:00:01]} 9. Ne5 {[%emt 0:00:03]} O-O {[%emt 0:00:00]} 10. f4 {[%emt 0:00:01]} Ne4 {[%emt 0:00:01]} 11. Nxe4 {[%emt 0:00:01]} dxe4 {[%emt 0:00:00]} 12. e3 {[%emt 0:00:00]} Bxe5 {[%emt 0:00:01]} 13. fxe5 {[%emt 0:00:01]} Nd7 {[%emt 0:00:00]} 14. b4 {[%emt 0:00:01]} b6 {[%emt 0:00:01]} 15. a4 {[%emt 0:00:01]} bxc5 {[%emt 0:00:01]} 16. bxc5 {[%emt 0:00:00]} a5 {[%emt 0:00:00]} 17. Bd2 {[%emt 0:00:01]} Ba6 {[%emt 0:00:01]} 18. Rf2 {[%emt 0:00:03]} Bd3 {[%emt 0:00:01]} 19. Qe1 {[%emt 0:00:01]} g5 {[%emt 0:00:01]} 20. Bxa5 {[%emt 0:00:01]} Qg7 {[%emt 0:00:01]} 21. Bc3 {[%emt 0:00:02]} f4 {[%emt 0:00:01]} 22. exf4 {[%emt 0:00:01]} gxf4 {[%emt 0:00:00]} 23. Bxe4 {[%emt 0:00:04]} fxg3 {[%emt 0:00:02]} 24. Rxf8+ {[%emt 0:00:01]} Rxf8 {[%emt 0:00:00]} 25. Qxg3 {[%emt 0:00:01]} Qxg3+ {[%emt 0:00:01]} 26. hxg3 {[%emt 0:00:01]} Bxe4 {[%emt 0:00:00]} 27. a5 {[%emt 0:00:03]} Ra8 {[%emt 0:00:01]} 28. a6 {[%emt 0:00:01]} Bd3 {[%emt 0:00:03]} 29. a7 {[%emt 0:00:01]} Bb5 {[%emt 0:00:01]} 30. Kf2 {[%emt 0:00:03]} Kf7 {[%emt 0:00:01]} 31. Bd2 {[%emt 0:00:01]} Ke7 {[%emt 0:00:00]} 32. Bg5+ {[%emt 0:00:01]} Ke8 {[%emt 0:00:04]} 33. g4 {[%emt 0:00:03]} Nf8 {[%emt 0:00:01]} 34. Kf3 {[%emt 0:00:02]} Bc4 {[%emt 0:00:01]} 35. Kf4 {[%emt 0:00:01]} Bd5 {[%emt 0:00:00]} 36. Bh6 {[%emt 0:00:02]} Ng6+ {[%emt 0:00:00]} 37. Kg5 {[%emt 0:00:01]} Kd7 {[%emt 0:00:00]} 38. Kf6 {[%emt 0:00:00]} Nf8 {[%emt 0:00:03]} 39. Kg7 {[%emt 0:00:00]} Ng6 {[%emt 0:00:03]} 40. Kf7 {[%emt 0:00:01]} Nh4 {[%emt 0:00:00]} 41. Kg7 {[%emt 0:00:01]} Kc7 {[%emt 0:00:01]} 42. Kxh7 {[%emt 0:00:01]} Kb7 {[%emt 0:00:01]} 43. Kg7 {[%emt 0:00:01]} Rxa7 {[%emt 0:00:01]} 44. g5 {[%emt 0:00:00]} Rxa1 {[%emt 0:00:01]} 45. g6 {[%emt 0:00:01]} Rg1 {[%emt 0:00:00]} 46. Bg5 {[%emt 0:00:02]} Nf5+ {[%emt 0:00:00]} 47. Kf6 {[%emt 0:00:02]} Kc7 {[%emt 0:00:04]} 48. Bf4 {[%emt 0:00:00]} Rg4 {[%emt 0:00:02]} 49. g7 {[%emt 0:00:00]} Rxg7 {[%emt 0:00:01]} 50. Bh6 {[%emt 0:00:01]} Rd7 {[%emt 0:00:00]} 51. Bg5 {[%emt 0:00:01]} Kb7 {[%emt 0:00:00]} 52. Kg6 {[%emt 0:00:00]} Ka6 {[%emt 0:00:00]} 53. Kh5 {[%emt 0:00:00]} Kb5 {[%emt 0:00:00]} 54. Bf6 {[%emt 0:00:00]} Ra7 {[%emt 0:00:00]} 55. Kg5 {[%emt 0:00:00]} Ra4 {[%emt 0:00:00]} 56. Kf4 {[%emt 0:00:00]} Rxd4+ {[%emt 0:00:00]} 57. Kg5 {[%emt 0:00:00]} Rc4 {[%emt 0:00:00]} 58. Kg6 {[%emt 0:00:00]} Kxc5 {[%emt 0:00:00]} 59. Kh7 {[%emt 0:00:01]} Re4 {[%emt 0:00:00]} 60. Kg8 {[%emt 0:00:00]} Kc4 {[%emt 0:00:00]} 61. Kf7 {[%emt 0:00:00]} Kd3 {[%emt 0:00:00]} 62. Ke8 {[%emt 0:00:01]} Nd4 {[%emt 0:00:00]} 63. Kd7 {[%emt 0:00:00]} Nb5 {[%emt 0:00:00]} 64. Kc8 {[%emt 0:00:01]} Kc4 {[%emt 0:00:00]} 65. Bd8 {[%emt 0:00:00]} Rf4 {[%emt 0:00:00]} 66. Bb6 {[%emt 0:00:00]} Rf7 {[%emt 0:00:01]} 67. Ba7 {[%emt 0:00:00]} Rf8+ {[%emt 0:00:00]} 68. Kd7 {[%emt 0:00:02]} Rf7+ {[%emt 0:00:00] Time (Lag: Av=0.40s, max=0.8s)} 0-1

[Event "Stay Safe Play From Home 256"]
[Site "Emanuel Lasker Arena"]
[Date "2020.06.26"]
[Round "4"]
[White "grazie"]
[Black "Lazieri3"]
[Result "0-1"]
[WhiteElo "1813"]
[BlackElo "2018"]
[PlyCount "98"]
[EventDate "2020.06.26"]
[EventType "swiss (blitz)"]

1. d4 {[%emt 0:00:01]} c6 {[%emt 0:00:00]} 2. c3 {[%emt 0:00:00]} d5 {[%emt 0:00:00]} 3. g3 {[%emt 0:00:00]} Nf6 {[%emt 0:00:01]} 4. Bg2 {[%emt 0:00:00]} Bf5 {[%emt 0:00:00]} 5. Nf3 {[%emt 0:00:00]} Qc8 {[%emt 0:00:00]} 6. Qb3 {[%emt 0:00:04]} b6 {[%emt 0:00:01]} 7. Bg5 {[%emt 0:00:01]} Ne4 {[%emt 0:00:01]} 8. Nbd2 {[%emt 0:00:01]} Nxg5 {[%emt 0:00:03]} 9. Nxg5 {[%emt 0:00:01]} h6 {[%emt 0:00:01]} 10. Ngf3 {[%emt 0:00:01]} Bh3 {[%emt 0:00:01]} 11. Bxh3 {[%emt 0:00:01]} Qxh3 {[%emt 0:00:02]} 12. a4 {[%emt 0:00:02]} Qc8 {[%emt 0:00:02]} 13. a5 {[%emt 0:00:01]} Nd7 {[%emt 0:00:00]} 14. axb6 {[%emt 0:00:01]} axb6 {[%emt 0:00:02]} 15. O-O {[%emt 0:00:01]} e6 {[%emt 0:00:02]} 16. e4 {[%emt 0:00:02]} Be7 {[%emt 0:00:02]} 17. exd5 {[%emt 0:00:01]} cxd5 {[%emt 0:00:00]} 18. Rfe1 {[%emt 0:00:01]} O-O {[%emt 0:00:01]} 19. Qc2 {[%emt 0:00:02]} Qc7 {[%emt 0:00:03]} 20. Nf1 {[%emt 0:00:01]} Bf6 {[%emt 0:00:01]} 21. Qe2 {[%emt 0:00:02]} Qb7 {[%emt 0:00:03]} 22. Ne3 {[%emt 0:00:01]} Rxa1 {[%emt 0:00:01]} 23. Rxa1 {[%emt 0:00:01]} Ra8 {[%emt 0:00:00]} 24. Rxa8+ {[%emt 0:00:01]} Qxa8 {[%emt 0:00:00]} 25. Ng4 {[%emt 0:00:00]} Be7 {[%emt 0:00:02]} 26. Nge5 {[%emt 0:00:01]} Nxe5 {[%emt 0:00:01]} 27. Qxe5 {[%emt 0:00:01]} Qa1+ {[%emt 0:00:04]} 28. Kg2 {[%emt 0:00:01]} Qxb2 {[%emt 0:00:02]} 29. Qb8+ {[%emt 0:00:01]} Kh7 {[%emt 0:00:02]} 30. Qc7 {[%emt 0:00:02]} Qa3 {[%emt 0:00:03]} 31. Ne5 {[%emt 0:00:03]} Qd6 {[%emt 0:00:03]} 32. Qxd6 {[%emt 0:00:03]} Bxd6 {[%emt 0:00:00]} 33. Nxf7 {[%emt 0:00:00]} Ba3 {[%emt 0:00:01]} 34. Nd8 {[%emt 0:00:01]} Bb2 {[%emt 0:00:02]} 35. Nxe6 {[%emt 0:00:01]} Bxc3 {[%emt 0:00:01]} 36. Nf4 {[%emt 0:00:00]} Bxd4 {[%emt 0:00:02]} 37. Nxd5 {[%emt 0:00:01]} b5 {[%emt 0:00:01]} 38. Kf3 {[%emt 0:00:02]} Bc5 {[%emt 0:00:01]} 39. Ke2 {[%emt 0:00:01]} b4 {[%emt 0:00:01]} 40. f3 {[%emt 0:00:01]} b3 {[%emt 0:00:00]} 41. Nc3 {[%emt 0:00:01]} b2 {[%emt 0:00:02]} 42. Nb1 {[%emt 0:00:01]} Bd4 {[%emt 0:00:01]} 43. h3 {[%emt 0:00:01]} Bf6 {[%emt 0:00:00]} 44. f4 {[%emt 0:00:02]} Kg6 {[%emt 0:00:00]} 45. Kf3 {[%emt 0:00:00]} Kf5 {[%emt 0:00:01]} 46. g4+ {[%emt 0:00:01]} Ke6 {[%emt 0:00:00]} 47. Ke4 {[%emt 0:00:01]} Kd6 {[%emt 0:00:01]} 48. Nd2 {[%emt 0:00:05]} Kc5 {[%emt 0:00:01]} 49. Kd3 {[%emt 0:00:01]} Kd5 {[%emt 0:00:01] Zeit (Lag: Av=0.54s, max=0.9s)} 0-1